Every Game Played During Alpharad's "Year of Gold" - Statistics

General Stats
  • This quiz has been taken 14 times
  • The average score is 44 of 365
Answer Stats
Answer Video % Correct
Minecraft: Bedrock Edition ______, But if I Die The Video ENDS
83%
Super Smash Bros. Ultimate My Dad plays ______ until he wins Once
83%
Among Us Being Toxic in ______
67%
Five Nights at Freddy's The SCARIEST Game Yet!
67%
Five Nights at Freddy's 2 the video ends when we get scared
67%
Five Nights at Freddy's 3 Alpharad gets scared by ______... again
67%
Five Nights at Freddy's 4 Playing ______ after midnight was a mistake
67%
Mario Party The Hardest CPU in ______ History
67%
Super Mario Advance 4: Super Mario Bros. 3 ______, but very fast
67%
Super Mario Bros. 3 Not a Reupload
67%
Super Mario Bros. 3 Special Alpharad accidentally went live… Again…
67%
Super Smash Bros. Melee The Return of Josh Ruining ______
67%
Undertale ______, but it's multiplayer
67%
Fortnite Mr Beast ______
50%
Freddy Fazbear's Pizzaria Simulator The Scariest ______ Game Yet
50%
Mario Kart 8 Deluxe ______ at its Worst
50%
Mario Party 2 Jaiden’s Bad Luck is Spreading…
50%
Mario Party 3 Alpharad losing to a CPU… again
50%
Mario Party 4 We Challenged a Vtuber to ______
50%
Mario Party 5 Defeating ______ HARDEST CPU
50%
Mario Party 6 Pride Month VS Wario
50%
Mario Party 7 Gambling on ______ CPUs
50%
Mario Party Superstars ______, but it’s “technically” Doubles
50%
New Club Penguin How to Speedrun ______
50%
Pokémon Legends Arceus video ends when we ______
50%
Pokémon Scarlet How we broke ______
50%
Pokémon Violet We need your help...
50%
Splatoon 3 Alpharad Attempts the Hardest Level in ______
50%
Suika Game Alpharad Finally tries the ______
50%
Webkinz Classic Apparently, ______ still exists
50%
Chess.com The Perfect Game of ______
33%
Doki Doki Literature Club! wholesome :)
33%
FNaf World ______ Nuzlocke But It's ______
33%
Hatsune Miku: Project Diva Mega Mix Please Be Nice in the Comments :)
33%
Luigi's Mansion ______, but it's an Escape Room
33%
Overwatch 2 ______ Rip-Off
33%
Peggle This YouTuber can't beat ______
33%
Pokémon Black Version I forced a ______ Noob to do a Nuzlocke
33%
Pokémon Go We made ______ Real
33%
Pokémon Mystery Dungeon: Rescue Team DX Alpharad Deluxe is Ending
33%
Pokémon White Version Can Jo beat the ______ in a Nuzlocke?
33%
Portal ______ Speedruns are incredible to watch
33%
Portal 2 We Beat ______... Kinda
33%
Rivals of Aether The most insane ______ Game ever made
33%
Rivals of Aether II We finally played ______
33%
Roblox we bullied a child on ______
33%
Rocket League Paying to win in ______
33%
Super Mario 64 Our editor has to beat ______ or else he's fired
33%
Super Mario Maker 2 The Return of ______
33%
Super Mario Party ______, but you win by losing
33%
Super Mario World 2: Yoshi's Island The "Good" ______ game
33%
The Legend of Zelda: Tears of the Kingdom The BEST Game Ever Made!! ______
33%
Valorant uhhhhh
33%
World Series of Poker answering your TERRIBLE questions
33%
Yoshi's Island: Super Mario Advance 3 The Newest ______
33%
A Hat in Time ______ with WAY Too Many People
17%
Animal Crossing Apparently, you can beat ______
17%
Balatro ______, but it's a ______
17%
Billy Hatcher and the Giant Egg Almost forgot to upload today oops
17%
Bloons Adventure Time TD Apparently, this game exists
17%
Bloons TD 5 No Backseating in the Comments, please :)
17%
Bloons TD 6 Lil Bro on mom’s ipad
17%
Bloons TD Battles Betting All Our Money on ______
17%
Bloons TD Battles 2 So ______ has a ______...
17%
Cake Game ______ but in 3D
17%
Captain Toad: Treasure Tracker ______, but no jumping
17%
Celeste: Farewell Cheating in ______ Impossible DLC
17%
Chrome Dino our internet died
17%
Coin Flipper ______ (gone wrong)
17%
Cookie Clicker click it
17%
Crab Game Playing ______ with viewers was a mistake...
17%
Cult of the Lamb Getting Softlocked (World Record)
17%
Cuphead: The Delicious Last Course They added a new character to ______
17%
Dragon Ball Fighterz Who Can Beat ______ in a Fight?
17%
Dungeons of Aether Furries of ______
17%
Fall Guys ______, But If We Lose The Video Ends
17%
Flappy Bird We forgot to record today
17%
Friday Night Funkin' We finally tried ______... It didn't go well.
17%
Garfield Kart This sure isn't ______...
17%
Gartic Phone Pro Artists Creating Cursed Images
17%
GeoGuessr We found a lost dog in ______
17%
Getting Over It with Bennett Foddy easiest game ever made
17%
Halo 3 The Hardest Challenge in Gaming History
17%
Hokkaido Game ______, but it’s Japanese Territories
17%
HuniePop please do not report this video
17%
IRL claw machine Winning a ______ for JaidenAnimations
17%
Jimmy Neutron: Boy Genius Our least favorite game (so far)
17%
Jump Force We Revisited ______
17%
Keep Talking and Nobody Explodes Do you trust Alpharad with a ______?
17%
Kirby 64: The Crystal Shards We Beat ______ Really Fast
17%
LEGO Star Wars: The Complete Saga Beating all of ______ in one video
17%
Lethal Company ______, but with too many people
17%
Mario & Luigi: Superstar Saga This is easily the most broken ______ game
17%
Mario Kart Arcade GP DX The ______ game nobody talks about
17%
Mario Kart: Double Dash!! Attempting to beat ______ Hardest ______
17%
Mario Party Advance The ______ game you forgot about
17%
Mario Pinball Land ______, but he's a ball
17%
My Hero One's Justice Rematching in A Game We Forgot About
17%
My Suika: Watermelon Game The Final ______
17%
New Super Mario Bros. Wii Can we beat ______ before our ______ dies?
17%
Nickelodeon All-Star Brawl we played ______ one year later
17%
Omega Strikers The Ludwig Situation
17%
Paper Mario Making ______ Impossibly Difficult
17%
Peggle Nights This youtuber STILL can't beat ______
17%
Persona 5 Royal ______ IS REAL
17%
Pikmin ______, but the video ends if one dies
17%
Pikmin 4 This is Our Game of the Year
17%
Pokémon Colosseum How can you make the hardest ______ game... harder?
17%
Pokémon Emerald Rogue ______ but It's a ______
17%
Pokémon: Let's Go, Eevee! Making ______ entirely unfair
17%
Pokémon Pinball: Ruby & Sapphire The Most Annoying ______ to Complete
17%
Pokémon Unite Pro ______ player LOSES to Bots
17%
PowerWash Simulator ______ Speedruns are Suprisingly Easy
17%
Puyo Puyo Tetris PIZZA ______
17%
Puyo Puyo Tetris 2 A "good" ______ Game
17%
Rankdle My Little Brother Guesses Your Rank
17%
Roller Coaster Tycoon Trying Not To Get Sued in ______
17%
Sonic Adventure 2: Battle The World Record Progression of Kill ______%
17%
Sonic Smash Brothers ______ in ______
17%
Spelunky Co-op ______ gets Toxic
17%
Spelunky 2 Friendship in ______
17%
SpongeBob: Battle for Bikini Bottom - Rehydrated Alpharad Plus in 2023
17%
SpongeBob SquarePants: The Cosmic Shake Hear me out...
17%
Spore Creating the Ultimate Life Form
17%
Stardew Valley The channel isn't dead (yet)
17%
Suika Game Online ______ Clones are Getting Good
17%
Suikarad Gold The World's Hardest ______
17%
Super Auto Pets fish
17%
Super Mario 3D World ______, but it’s a Nuzlocke
17%
Super Mario Kart ______ is different than we remembered
17%
Super Mario Suika (ft. Jaiden Animations) The Final ______
17%
Super Mario World: Super Mario Advance 2 The ______ Game that wants you to Cheat
17%
Super Monkey Ball Why Does this Keep Happening
17%
Super Monkey Ball: Banana Blitz HD ______; The Way Home
17%
Super Smash Flash ______ but it's a ______ Game
17%
Team Fortress 2 ______ Rip-off
17%
Tetris Effect: Connected Apparently, there are ______ raid bosses…
17%
The Fairly OddParents: Breakin' da Rules meme
17%
The Henry Stickmin Collection We Speedran a Classic ______ Game
17%
The Jackbox Party Pack 99.9% of Gamers Fail This Question
17%
The Jackbox Party Pack 10 We Made New Merch
17%
The Jackbox Party Pack 2 Drunk ______
17%
The Jackbox Party Pack 3 merch drop
17%
The Jackbox Party Pack 4 ______ But We Got a Little Too Wild
17%
The Jackbox Party Pack 5 We Became SoundCloud Rappers
17%
The Jackbox Party Pack 6 The Original ______
17%
The Jackbox Party Pack 7 Can you beat him?
17%
The Jackbox Party Pack 8 ______ But We Got Violent
17%
The Jackbox Party Pack 9 the end of ______
17%
The Simpsons: Hit & Run ______ 2
17%
The Stanley Parable Do you have free will?
17%
Tic Tac Toe This "Speedrunner" Thought He Had a Chance
17%
TierMaker We Played ______ 365 Games
17%
Toontown Rewritten Apparently, ______ is still around
17%
Uh Oh Calico! We Found the Hardest ______ Yet
17%
Ultimate Chicken Horse don't do it
17%
Untitled Goose Game We Did a Little Bit of Trolling
17%
Watermelon Country The NEWEST ______
17%
Watermelon Game We Found a Bootleg ______
17%
Whale Game Online Apparently, there's a NEW ______...
17%
Wordle We Beat ______
17%
Worms W.M.D Don't trust anybody...
17%
100% Orange Juice ______ for Weebs
0%
2048 Remember?
0%
3D Pinball: Space Cadet ______ but Nostalgic
0%
625 Sandwich Stacker The Perfect ______ Game
0%
Aimlabs Well We Messed Up
0%
Alien Hominid Invasion This sequel took 20 years to make
0%
Amazing Island it is jacob's birthday :D
0%
Anime Redemption Our Viewers Voted We Play this Today
0%
Anime Standing why did you send us this
0%
Anime War: Modern Campaign Where did this game come from?
0%
Are You Smarter Than A 5th Grader?: Make the Grade ______
0%
Avatar: The Last Airbender - Quest for Balance We found the next ______
0%
Baldi's Basics in Education and Learning Alpharad Thought This Was an ______ Game
0%
BattleBit Remastered VIDEO ENDS IF ALPHARAD DIES ONCE
0%
BattleBlock Theater a little bit of trolling
0%
Beast Battle Simulator Every ______: EXPLAINED
0%
Big Brain Academy: Brain vs. Brain Proof that YouTubers are dumb
0%
Big Watermelon We Found a Pay to Win ______
0%
Billie Bust Up I found this game on ______
0%
Brawlhalla ______, but I don't even know at this point
0%
Brawlout Alpharad’s Most “interesting” Sponsor
0%
Bread & Fred We can make that jump.
0%
Casette Beasts We thought this would be a normal ______ Game...
0%
Castle Crashers Can You Beat ______ at Level 1?
0%
Connect Four ggs, shake my hand
0%
Cooking Mama 2: Dinner With Friends Jaiden forced Alpharad to play ______
0%
Counter-Strike 2 Ending the video when we pull a knife
0%
Counter-Strike: Global Offensive I didn't order a--
0%
Crab Champions We gave a Crab a Gun
0%
Crash Team Racing It finally happened…
0%
Crash Team Racing Nitro-Fueled Are you happy now?
0%
Default Dan ______, but genuinely very bad
0%
Dicey Dungeons Just HOW Good is Alpharad's Luck?
0%
Disney's Extreme Skate Adventure Product Placement in 2003
0%
Divekick The Game That Only Uses 1 Button
0%
Dreams ______ at Home:
0%
Dream Swing The Return of ______
0%
Dreamworks All-Star Kart Racing The ______ Game is "Interesting"
0%
Duck Game Welcome to the Real World...
0%
Enchanted Portals We Played a ______ RIPOFF
0%
Enter the Gungeon The ______ where EVERYTHING is a Gun
0%
Fire Emblem Engage Turning ______ into a Nuzlocke
0%
Flash Party ______, But it's Pay to Win
0%
FPS Chess ______, but with guns
0%
Fraymakers Better ______
0%
Freddy in Space 3: Chica in Space Let's Talk About The ______ Movie
0%
Friends vs. Friends We Played a ______
0%
Fruit Salad The ______ that's Impossible to Lose
0%
F-Zero 99 ______ is FINALLY Back… technically
0%
Game & Watch Gallery 3 The Worst "______" Game on the Switch
0%
Game Dev Tycoon we started a game company
0%
Gang Beasts Winning in ______ by doing absolutely nothing
0%
Geometry Dash Alpharad FINALLY tried ______
0%
Golf It! baby's first ______ game
0%
Golf With Your Friends An ACTUALLY good ______ game
0%
Goonya Fighter We took back our World Record
0%
Goonya Monster we broke another game...
0%
Goose Goose Duck ______, but it's a ______
0%
Grimace's Birthday We Got Dead Last in This Speedrun
0%
Guilty Gear: Strive When ______ Play a REAL ______ Game
0%
Hades I’m winning, dad
0%
Helltaker Suffering through an anime game
0%
House Flipper Would You Buy It?
0%
Human: Fall Flat we are out of videos
0%
Huniepop 2: Double Date Don't Demonetize this Little Guy
0%
Icons: Combat Arena This isn't ______
0%
Indivisible Alpharad's Favorite Game
0%
Insaniquarium Deluxe Alpharad, but as a child
0%
iOS 8 Ball we have games on our phone
0%
Jump King We Got Soft Locked
0%
Katamari Damacy Reroll We Almost Fumbled
0%
King of the Hat The Best ______ since ______
0%
Kirby Air Ride ______
0%
Kirby & the Amazing Mirror losing our minds in ______
0%
Kirby's Dream Course ______ over-complicated ______ game
0%
Krunker We Challenged Our Viewers To a ______ game
0%
Kung-Fu Panda, Showdown of Legendary Legends Apparently, ______ has a ______ Clone
0%
Left 4 Dead 2 We gave ______ a gun
0%
LEGO Fortnite Technically, this isn't ______
0%
Lethal League ______, but it's ______
0%
Mario Golf I know what you did.
0%
Mario Golf: Toadstool Tour Where our gambling addictions started
0%
Mario Kart 64 ______ Death Match
0%
Mario Kart DS Putting Boss Fights in ______
0%
Mario + Rabbids Kingdom Battle he's back
0%
Mario Superstar Baseball A perfectly normal game of ______
0%
Mario Tennis Jo getting farmed by the cpu for 30 minutes
0%
Mario vs. Donkey Kong 2: March of the Minis Your time is up.
0%
Marvel's Spider-Man 2 Not my Game of the Year
0%
MultiVersus Wholesome Online Doubles
0%
My Hero Ultra Rumble ______, but it's a ______
0%
Naruto to Boruto: Shinobi Strikers Two grown men create ______ OCs
0%
Needy Streamer Overload Girlfriend Reveal
0%
Neon White MISSION: DEFEAT CONEY
0%
New Super Mario Bros. A Child’s Gateway to Gambling
0%
New Super Mario Bros. 2 TODAY.
0%
Nickelodeon All-Star Brawl 2 ______ is Finally Here!!
0%
One Piece: Pirate Warriors 4 SPOILER WARNING
0%
Overcooked! Who let Lil Bro cook💀
0%
Pac-Man Fever this ______ rip-off is WEIRD
0%
Pajama Sam In: No Need to Hide When It's Dark Outside Grown Adult Attempts a ______ Game
0%
Paladins Not ______
0%
Paper Mario: The Origami King *un______ your ______*
0%
Paper Mario: The Thousand-Year Door So We Attempted a Blind Speedrun...
0%
Party Animals These ______ Be ______
0%
Peglin Taking Risks We Shouldn't
0%
Persona 5 Strikers So Alpharad is back from Japan…
0%
Pico Park we got trolled...
0%
Pixel Strike 3D ______ with Guns
0%
Pizza Tower Alpharad FINALLY tried ______
0%
Pogostuck: Rage With Your Friends Beating Ludwig at His Own Game
0%
Pokémon Channel We told him to touch grass
0%
Pokémon Puzzle League ______ Challenge Runs in 2023
0%
Pokémon Showdown Being toxic in a language I don't know
0%
Pokémon Snap The best ______ game to speedrun
0%
Pokémon Stadium ______ but it's ______
0%
Pokémon Stadium 2 Trying to beat PERFECT AI in ______
0%
Poké-Suika ______, but it’s ______
0%
Project + This is the BEST ______ Game
0%
Pummel Party ______, but it’s ______
0%
Putt-Putt and Pep's Dog on a Stick The End of ______
0%
Putt-Putt Enters the Race Alpharad is somehow alive
0%
Putt-Putt Goes to the Moon We ______
0%
Putt-Putt Joins the Circus Alpharad is Back (For real this time)
0%
Putt-Putt Joins the Parade We ______
0%
Putt-Putt Saves the Zoo Would You Save Him?
0%
Putt-Putt Travels Through Time Alpharad is BACK!!
0%
Raft ______, but we're lost at sea
0%
Risk of Rain 2 ______ Z
0%
Rounds We found a Competitive ______
0%
Screencheat we can't see anything
0%
See My Hole i trusted him...
0%
Senran Kagura: Peach Beach Splash this video might get us demonetized
0%
Seterra European Tries to ______
0%
Shadow the Hedgehog Not ______
0%
Skatebird ______ But With ______
0%
Slap City ______
0%
Slay the Spire We are Literally Him
0%
Slither.io We ran out of videos (again)
0%
Smash Remix We Unlocked ______ in ______
0%
Snowboard Kids 2 We Need Your Help
0%
Sonic Adventure DX: Directors Cut We got World Record in a New Speedrun
0%
Sonic & All-Stars Racing Transformed The BEST ______ Clone
0%
Sonic Forces ______: PLUS ______
0%
Sonic Heroes ______ games working as intended
0%
Sonic Shuffle ______, but with ______
0%
Sonic Superstars We actually had fun with ______
0%
Sonic the Hedgehog 4: Episode I I asked Jacob for a thumbnail and he sent me this
0%
SpeedRunners speed
0%
Spider-Man 2 ______ is our Game of the Year
0%
SpyParty Mistakes Were Made
0%
Star Fox 64 ______ Prequel looks Different
0%
Stick Fight: The Game trust no one... not even yourself...
0%
Street Fighter 6 We put ______ in ______
0%
Stumble Guys NOT ______
0%
Subway Surfers Can we BEAT ______?
0%
SuiCats We found Another ______
0%
Suika Dash The End of ______
0%
Suika Game Demake Sure, there's an 8-Bit ______ now
0%
Suika.io Another "Original" ______ Game
0%
Suika Shapes The Most Complex ______ Yet
0%
Super Bunny Man A Fan Suggested an "Interesting" Game
0%
Super Mario 3D All-Stars Getting a ______ in Every ______ Game
0%
Super Mario Advance The ______ Game We Forgot About
0%
Super Mario Bros All-Stars The Problem with Remakes
0%
Super Mario Bros All-Stars: Limited Edition ______ BIGGEST change over the years
0%
Super Mario Bros. Wonder ______ is the Perfect Game
0%
Super Mario Bros. Wonder GameStop demo version We played Super ______ EARLY!!!
0%
Super Mario Odyssey Speedrunning ______... in a strange way
0%
Super Mario Run you got games on your phone?
0%
Super Mario Sunshine How Cheaters get ______ before the games starts
0%
Super Monkey Ball Adventure The Game ______ Wants You to Forget About
0%
Super Seducer 2 Getting Laid (Any% WR)
0%
Temtem Definitely NOT ______
0%
The Game of Life 2 This is Life's Toughest Decision
0%
The Impossible Quiz Finally Beating ______
0%
The Last of Waifus so how did this get on my computer…
0%
The Murder of Sonic the Hedgehog We Killed ______
0%
The Password Game ______ Reveal
0%
ThrillVille Did You Know?
0%
Touhou Suika Somehow, ______ made the best ______ yet
0%
Town of Salem ______ (technically)
0%
Town of Salem 2 ______ (kinda)
0%
Tricky Towers ______ But With Physics
0%
Trombone Champ The Silliest ______ Game
0%
UNO Alpharad Uses The ______
0%
Waifu Hell please stop sending us this
0%
Waifu Horror: The Eight Pictures We TRIED to play a ______ for weebs
0%
Wallpaper Engine Apparently, you can speedrun ______
0%
Wario Land 3 Hello, ______
0%
Warioware: Get It Together! Just Some Little Guys
0%
WarioWare, Inc.: Mega Microgame$! Can YOU beat his games?
0%
WarioWare: Move It! The New ______ is AWESOME
0%
Watermelon Challenge We Found a ______ Game
0%
Who's Your Daddy Keep yourself safe...
0%
Who Wants to Be a Millionaire We Became Millionaires | ______ BATTLE ROYALE
0%
Will You Press the Button? ______
0%
Xenoblade Chronicles 3 Actually finishing a game on this channel
0%
Yoshi's Story How we FINALLY finished a game
0%
Your Only Movie Is Hustle We Played a ______ Game
0%
Zone Poker Alpharad's Dad is here
0%
Zoombinis Half of our Viewers Can't Answer This...
0%
No matching quizzes found
Score Distribution
Percent of People with Each Score
Percentile by Number Answered
Your Score History
You have not taken this quiz